000 00491nam a22001817a 4500
999 _c6171
_d6171
003 GBCCL
005 20241126110557.0
008 180502b ||||| |||| 00| 0 eng d
040 _cgbc
082 _a266.023
_bJES
100 _aJester, William L.
_911090
245 _aSomething new /
_cWilliam L. Jester
260 _aNashville:
_bConvention Press,
_c1957
300 _a103 p.;
_bill.,
_c18 cm.
650 _aMissions
_zNigeria
_96534
650 _aBaptists
_xMissions
_92908
942 _2ddc
_cBK